<?xml version='1.0' encoding='UTF-8'?>
  <record xmlns="http://www.loc.gov/MARC21/slim">
    <leader>00000nem a2200000 i 4500</leader>
    <controlfield tag="001">ocn980374097</controlfield>
    <controlfield tag="003">OCoLC</controlfield>
    <controlfield tag="005">20250813161008.6</controlfield>
    <controlfield tag="008">941222s1747    ne        u     0   dut d</controlfield>
    <datafield tag="040" ind1=" " ind2=" ">
      <subfield code="a">QGJ</subfield>
      <subfield code="b">dut</subfield>
      <subfield code="c">QGJ</subfield>
      <subfield code="d">OCLCL</subfield>
      <subfield code="d">OCLCQ</subfield>
    </datafield>
    <datafield tag="035" ind1=" " ind2=" ">
      <subfield code="a">(OCoLC)980374097</subfield>
    </datafield>
    <datafield tag="041" ind1="0" ind2=" ">
      <subfield code="a">dut</subfield>
      <subfield code="a">fre</subfield>
    </datafield>
    <datafield tag="084" ind1=" " ind2=" ">
      <subfield code="a">74.20</subfield>
      <subfield code="2">bcl</subfield>
    </datafield>
    <datafield tag="245" ind1="0" ind2="0">
      <subfield code="a">Nieuwe en oprechte kaart of plan der stad Bergen-op-ten-Zoom, met derzelver accuraate fortificatien, en de naast aangelegen steeden, dorpen en forten, etc., nader aangeweesen door d'onderstaande letters :</subfield>
      <subfield code="b">Carte ou plan nouvelle et véritable de la ville de Bergen-op-ten-Zoom avec ses fortifications exactes, les plus proches villes, villages, &amp; fortresses, le tout, démontré, par ordre alphabetique.</subfield>
    </datafield>
    <datafield tag="246" ind1="1" ind2=" ">
      <subfield code="a">Carte ou plan nouvelle et véritable de la ville de Bergen-op-ten-Zoom avec ses fortifications exactes, les plus proches villes, villages, &amp; fortresses, le tout, démontré, par ordre alphabetique</subfield>
    </datafield>
    <datafield tag="250" ind1=" " ind2=" ">
      <subfield code="a">[Tweede staat].</subfield>
    </datafield>
    <datafield tag="255" ind1=" " ind2=" ">
      <subfield code="a">Schaal [ca. 1:15.000].</subfield>
    </datafield>
    <datafield tag="264" ind1=" " ind2="1">
      <subfield code="a">In 's Hage :</subfield>
      <subfield code="b">by Gerard du Mee, in de korte Bagyne-straat,</subfield>
      <subfield code="c">[1747]</subfield>
    </datafield>
    <datafield tag="300" ind1=" " ind2=" ">
      <subfield code="a">1 krt. in 2 bl., gemonteerd :</subfield>
      <subfield code="b">kopergrav. ;</subfield>
      <subfield code="c">48 x 80 cm</subfield>
    </datafield>
    <datafield tag="336" ind1=" " ind2=" ">
      <subfield code="a">cartografische afbeelding</subfield>
      <subfield code="b">cri</subfield>
      <subfield code="2">rdacontent/dut</subfield>
    </datafield>
    <datafield tag="337" ind1=" " ind2=" ">
      <subfield code="a">zonder medium</subfield>
      <subfield code="b">n</subfield>
      <subfield code="2">rdamedia/dut</subfield>
    </datafield>
    <datafield tag="338" ind1=" " ind2=" ">
      <subfield code="a">vel</subfield>
      <subfield code="b">nb</subfield>
      <subfield code="2">rdacarrier/dut</subfield>
    </datafield>
    <datafield tag="500" ind1=" " ind2=" ">
      <subfield code="a">De kaart toont de belegering door de Fransen in 1747; Muller 3898b.</subfield>
    </datafield>
    <datafield tag="500" ind1=" " ind2=" ">
      <subfield code="a">Lit.: E.F. Kossmann, De boekhandel te 's-Gravenhage. - 's-Gravenhage, 1937. - (p. 256, 257).</subfield>
    </datafield>
    <datafield tag="500" ind1=" " ind2=" ">
      <subfield code="a">Schetsmatige en onnauwkerige voorstelling van het gebied van Steenbergen tot Bergen op Zoom.</subfield>
    </datafield>
    <datafield tag="500" ind1=" " ind2=" ">
      <subfield code="a">Tweede staat met Nederlandse en Franse legenda's (A-Z, AA-RR) in boekdruk links van de kaart.</subfield>
    </datafield>
    <datafield tag="500" ind1=" " ind2=" ">
      <subfield code="a">Oostzuidoost boven.</subfield>
    </datafield>
    <datafield tag="651" ind1=" " ind2="7">
      <subfield code="a">Bergen op Zoom (stad)</subfield>
      <subfield code="0">(NL-LeOCL)091347815.</subfield>
      <subfield code="2">gtt</subfield>
    </datafield>
    <datafield tag="648" ind1=" " ind2="7">
      <subfield code="a">1747</subfield>
      <subfield code="2">gtt</subfield>
    </datafield>
    <datafield tag="655" ind1=" " ind2="7">
      <subfield code="a">Kaarten (vorm)</subfield>
      <subfield code="0">(NL-LeOCL)088143554.</subfield>
      <subfield code="2">gtt</subfield>
    </datafield>
    <datafield tag="700" ind1="1" ind2=" ">
      <subfield code="a">Du Mee, Gerard.</subfield>
    </datafield>
    <datafield tag="758" ind1=" " ind2=" ">
      <subfield code="a">Nieuwe en oprechte kaart of plan der stad Bergen-op-ten-Zoom, met derzelver accuraate fortificatien, en de naast aangelegen steeden, dorpen en forten, etc., nader aangeweesen door d'onderstaande letters (CartographicMaterial)</subfield>
      <subfield code="1">https://id.oclc.org/worldcat/entity/E39PCY8j9vptrCyKhR7G6Gc7Yd</subfield>
      <subfield code="4">https://id.oclc.org/worldcat/ontology/hasWork</subfield>
    </datafield>
    <datafield tag="936" ind1=" " ind2=" ">
      <subfield code="a">BATCHLOAD</subfield>
    </datafield>
  </record>